MAASAI MARA UNIVERSITY

LIBRARY CATALOGUE

Contact Us: +254 020 2685356/7 or 0774 057787

Box: 861-20500, NAROK, KENYA

Email: info@mmarau.ac.ke

Gomez-Mejia Luis R. (Record no. 1121)

MARC details
000 -LEADER
fixed length control field 00414nam a2200145Ia 4500
008 - FIXED-LENGTH DATA ELEMENTS--GENERAL INFORMATION
fixed length control field 151015s9999 xx 000 0 und d
020 ## - INTERNATIONAL STANDARD BOOK NUMBER
International Standard Book Number 13187067
050 ## - LIBRARY OF CONGRESS CALL NUMBER
Classification number HF5549.G64 2006
245 ## - TITLE STATEMENT
Title Gomez-Mejia Luis R.
250 ## - EDITION STATEMENT
Edition statement _Managing Human Resources
300 ## - PHYSICAL DESCRIPTION
Extent New Jersey Pearson Education 2006
500 ## - GENERAL NOTE
General note Includes Index
650 ## - SUBJECT ADDED ENTRY--TOPICAL TERM
Topical term or geographic name as entry element _Human Resource Management
700 ## - ADDED ENTRY--PERSONAL NAME
Personal name ^d20111110 10:58:51^okorir

No items available.

© 2016 Maasai Mara University.